书目信息 |
| 题名: |
超临界条件下环状碳酸酯的催化合成
|
|
| 作者: | 吕小兵 著 | |
| 分册: | ||
| 出版信息: | 大连 大连理工大学出版社 2013 |
|
| 页数: | 17,144页 | |
| 开本: | 23cm | |
| 丛书名: | ||
| 单 册: | ||
| 中图分类: | O633.14 | |
| 科图分类: | ||
| 主题词: | 超临界--环状结构--聚碳酸酯--催化--合成 | |
| 电子资源: | ||
| ISBN: | 978-7-5611-8163-8 | |
| 000 | 01107nam0 2200253 450 | |
| 001 | 012015000042 | |
| 005 | 20150914154648.73 | |
| 010 | @a978-7-5611-8163-8@dCNY45.00 | |
| 100 | @a20140508d2013 em y0chiy50 ea | |
| 101 | 0 | @achi@deng@eeng |
| 102 | @aCN@b210000 | |
| 105 | @ay z 001yy | |
| 106 | @ar | |
| 200 | 1 | @a超临界条件下环状碳酸酯的催化合成@Achao lin jie tiao jian xia huan zhuang tan suan zhi de cui hua he cheng@f吕小兵著 |
| 210 | @a大连@c大连理工大学出版社@d2013 | |
| 215 | @a17,144页@d23cm | |
| 300 | @a大连理工大学学术文库 由大连市人民政府资助出版 | |
| 330 | @a本书从CO2的催化活化着手,研究超临界状态下CO2和环氧烷烃的环加成反应,探索超临界化学反应中,CO2既作反应溶剂又作反应底物的优势;实现了超临界条件下均相催化CO2和环氧乙烷生成碳酸乙烯酯,探讨了反应过程中的相变及其对环加成反应速率的影响。 | |
| 510 | 1 | @aCatalytic synthesis of cyclic carbonates under supercritical conditions@zeng |
| 606 | 0 | @a超临界@x环状结构@x聚碳酸酯@x催化@x合成 |
| 690 | @aO633.14@v5 | |
| 701 | 0 | @a吕小兵@Alv xiao bing@f(1970.10-)@4著 |
| 801 | 0 | @aCN@b碧洲教育@c20150716 |
| 905 | @a10447@f4@dO633.14@e88 | |
| 超临界条件下环状碳酸酯的催化合成/吕小兵著.-大连:大连理工大学出版社,2013 |
| 17,144页;23cm |
| 大连理工大学学术文库 由大连市人民政府资助出版 |
| ISBN 978-7-5611-8163-8:CNY45.00 |
| 本书从CO2的催化活化着手,研究超临界状态下CO2和环氧烷烃的环加成反应,探索超临界化学反应中,CO2既作反应溶剂又作反应底物的优势;实现了超临界条件下均相催化CO2和环氧乙烷生成碳酸乙烯酯,探讨了反应过程中的相变及其对环加成反应速率的影响。 |
| ● |
| 相关链接 |
|
|
|
|
正题名:超临界条件下环状碳酸酯的催化合成
索取号:O633.14/88
 
预约/预借
| 序号 | 登录号 | 条形码 | 馆藏地/架位号 | 状态 | 备注 |
| 1 | 0870832 | 208708326 | 第二样本阅览室/ [索取号:O633.14/88] | 在馆 | |
| 2 | 0870833 | 208708335 | 第三借阅区/ [索取号:O633.14/88] | 在馆 | |
| 3 | 0870834 | 208708344 | 第三借阅区/ [索取号:O633.14/88] | 在馆 | |
| 4 | 0870835 | 208708353 | 第三借阅区/ [索取号:O633.14/88] | 在馆 |